000 01075nam a2200265Ia 4500
003 OSt
005 20221005111455.0
006 a|||||r|||| 00| 0
007 ta
008 221004b |||||||| |||| 00| 0 hin d
020 _a9788173095955 (hbk)
_c170
024 _a13261
037 _b1138, 20/03/2014, Anamika Publishers & Distributors Pvt. Ltd.
_cTextual
040 _aCRL
_cCRL
_bhin
041 _2hin
_ahin
082 _aO157,1M61x, 152Q1
100 _aरवींद्रनाथ ठाकुर
245 0 _aनिरूपमा, करना मुझको क्षमा
246 _aNirūpamā, karanā muzako kṣhamā
260 _aनई दिल्ली
_bसस्ता साहित्य मंडल प्रकाशन भारत
_c2011
300 _a91पृ0
_ccm.
650 _aबंगाली साहित्य
942 _hO157,1M61x, 152Q1
_cTEXL
_2cc
999 _c1021948
_d1021948